[Event "Wch U18 Girls"]
[Site "Caldas Novas"]
[Date "2011.11.22"]
[Round "5"]
[White "Shangarayeva, Daiana"]
[Black "Tjoelsen, Katrine"]
[Result "0-1"]
[WhiteElo "2016"]
[BlackElo "2242"]
[PlyCount "66"]
[EventDate "2011.11.18"]
[EventType "swiss"]
[EventRounds "9"]
[EventCountry "BRA"]
[SourceTitle "EXT 2013"]
[Source "ChessBase"]
[SourceDate "2012.11.22"]
[SourceVersion "1"]
[SourceVersionDate "2012.11.22"]
[SourceQuality "1"]

1. e4 c5 2. Nf3 Nc6 3. d4 cxd4 4. Nxd4 Nf6 5. Nc3 e5 6. Ndb5 d6 7. Bg5 a6 8. Na3 b5 9. Nd5 Be7 10. Bxf6 Bxf6 11. c4 b4 12. Nc2 a5 13. g3 Bg5 14. h4 Bh6 15. Qh5 Be6 16. Bh3 0-0 17. Bf5 Bxd5 18. cxd5 Ne7 19. 0-0 Nxf5 20. exf5 Rc8 21. Qe2 Rc4 22. Rfd1 Qc8 23. Ne3 Bxe3 24. Qxe3 Qxf5 25. a3 bxa3 26. Rxa3 Rfc8 27. Rb3 Qg4 28. Qe1 Rc2 29. Rb6 e4 30. Rb3 Re2 31. Qf1 e3 32. Rxe3 Rxe3 33. fxe3 Rc2 0-1

[Event "Wch U18 Girls"]
[Site "Caldas Novas"]
[Date "2011.11.20"]
[Round "3"]
[White "Papp, Petra"]
[Black "Shangarayeva, Daiana"]
[Result "1-0"]
[WhiteElo "2265"]
[BlackElo "2016"]
[PlyCount "85"]
[EventDate "2011.11.18"]
[EventType "swiss"]
[EventRounds "9"]
[EventCountry "BRA"]
[SourceTitle "EXT 2013"]
[Source "ChessBase"]
[SourceDate "2012.11.22"]
[SourceVersion "1"]
[SourceVersionDate "2012.11.22"]
[SourceQuality "1"]

1. e4 c5 2. Nf3 Nc6 3. d4 cxd4 4. Nxd4 g6 5. c4 Nf6 6. Nc3 Nxd4 7. Qxd4 d6 8. Be2 Bg7 9. Be3 0-0 10. Qd2 Be6 11. Rc1 Qa5 12. f3 Rfc8 13. b3 a6 14. Na4 Qxd2+ 15. Kxd2 Nd7 16. g4 f5 17. exf5 gxf5 18. h3 Rf8 19. Nc3 f4 20. Bf2 Rfd8 21. Nd5 Bxd5 22. cxd5 Rdc8 23. Bd3 Bb2 24. Rxc8+ Rxc8 25. Bf5 Rc7 26. Bxd7 Rxd7 27. Bb6 Kf7 28. Re1 Be5 29. Kd3 e6 30. Ke4 Re7 31. Rc1 exd5+ 32. Kxd5 Bf6 33. Rc7 Be5 34. h4 h6 35. g5 h5 36. g6+ Kf6 37. Rxe7 Kxe7 38. Bd4 Bxd4 39. Kxd4 Kf6 40. Kd5 Kxg6 41. Kxd6 Kf5 42. Kc5 a5 43. b4 1-0

[Event "Pavlodar op"]
[Site "Pavlodar"]
[Date "2010.12.09"]
[Round "10"]
[White "Nugumanov, Bakhtiyar"]
[Black "Shangarayeva, Daiana"]
[Result "1-0"]
[WhiteElo "2227"]
[BlackElo "1994"]
[PlyCount "105"]
[EventDate "2010.11.30"]
[EventType "swiss"]
[EventRounds "10"]
[EventCountry "KAZ"]
[SourceTitle "EXT 2012"]
[Source "ChessBase"]
[SourceDate "2011.11.24"]
[SourceVersion "1"]
[SourceVersionDate "2011.11.24"]
[SourceQuality "1"]

1. e4 c5 2. Nf3 g6 3. d4 cxd4 4. Nxd4 Bg7 5. c4 Nc6 6. Be3 Nf6 7. Nc3 0-0 8. Be2 d6 9. Nc2 Be6 10. f3 a5 11. 0-0 Rc8 12. Qd2 Nd7 13. Rac1 Nc5 14. b3 Kh8 15. Nb5 f5 16. exf5 gxf5 17. Rfe1 Bf6 18. Ncd4 Nxd4 19. Bxd4 Bd7 20. Nc3 e5 21. Bf2 Bc6 22. Rcd1 Be7 23. Nd5 Bxd5 24. Qxd5 Qe8 25. Bf1 Rg8 26. Kh1 b6 27. g3 Qc6 28. Qxc6 Rxc6 29. Bh3 Rf8 30. Be3 Kg7 31. Rd5 Kg6 32. f4 e4 33. g4 Nd3 34. Rg1 Bh4 35. Rg2 Kh6 36. gxf5 Bf6 37. Rb5 Rb8 38. Re2 Nc5 39. Bg2 Re8 40. a3 Kg7 41. Rc2 Re7 42. Bf1 Kf7 43. Be2 Kg7 44. Kg2 Rec7 45. Rd2 Kf7 46. Bd1 Ke7 47. Bc2 Rc8 48. Bxc5 bxc5 49. Bxe4 R6c7 50. Re2 Kf7 51. Rxa5 Rb8 52. Rb5 Rxb5 53. cxb5 1-0

[Event "Pavlodar op"]
[Site "Pavlodar"]
[Date "2010.12.08"]
[Round "9"]
[White "Shangarayeva, Daiana"]
[Black "Kokarev, Viktor"]
[Result "0-1"]
[WhiteElo "1994"]
[BlackElo "2187"]
[PlyCount "100"]
[EventDate "2010.11.30"]
[EventType "swiss"]
[EventRounds "10"]
[EventCountry "KAZ"]
[SourceTitle "EXT 2012"]
[Source "ChessBase"]
[SourceDate "2011.11.24"]
[SourceVersion "1"]
[SourceVersionDate "2011.11.24"]
[SourceQuality "1"]

1. e4 e5 2. Nf3 Nc6 3. Nc3 Nf6 4. d4 exd4 5. Nxd4 Bb4 6. Nxc6 bxc6 7. Bd3 d5 8. exd5 cxd5 9. 0-0 0-0 10. Bg5 c6 11. Na4 Be7 12. Re1 Rb8 13. c3 Bg4 14. Qc2 h6 15. Be3 a5 16. f3 Bc8 17. Re2 Bd6 18. Rae1 Qc7 19. g3 c5 20. Qd2 h5 21. Bg5 Nh7 22. Be7 Bxe7 23. Rxe7 Qc6 24. b3 Nf6 25. Qg5 c4 26. Bc2 Bd7 27. Qe3 Rbe8 28. Qb6 Rxe7 29. Rxe7 Qa8 30. Qd4 Bxa4 31. bxa4 Re8 32. Qc5 Rxe7 33. Qxe7 Qe8 34. Qxe8+ Nxe8 35. Kf2 Kf8 36. Ke3 Ke7 37. Kd4 Kd6 38. Bf5 Nc7 39. Bc8 Ne6+ 40. Bxe6 fxe6 41. f4 Kd7 42. Kc5 Ke7 43. Kd4 Kf6 44. h3 Kf5 45. Ke3 g6 46. Kd4 h4 47. gxh4 Kxf4 48. Kc5 Ke3 49. Kb5 d4 50. Kxc4 d3 0-1

[Event "Pavlodar op"]
[Site "Pavlodar"]
[Date "2010.11.30"]
[Round "1"]
[White "Shangarayeva, Daiana"]
[Black "Kuderinov, Kirill"]
[Result "0-1"]
[WhiteElo "1994"]
[BlackElo "2481"]
[PlyCount "82"]
[EventDate "2010.11.30"]
[EventType "swiss"]
[EventRounds "10"]
[EventCountry "KAZ"]
[SourceTitle "EXT 2012"]
[Source "ChessBase"]
[SourceDate "2011.11.24"]
[SourceVersion "1"]
[SourceVersionDate "2011.11.24"]
[SourceQuality "1"]

1. e4 a5 2. Nf3 d6 3. d4 Nf6 4. Nc3 g6 5. Bc4 Bg7 6. 0-0 c6 7. a4 0-0 8. Re1 Nxe4 9. Nxe4 d5 10. Bd3 dxe4 11. Bxe4 Bg4 12. c3 Nd7 13. h3 Bxf3 14. Bxf3 e6 15. Bf4 Qb6 16. Qc2 Rfe8 17. Be2 Nf6 18. Be5 Nd5 19. Bc4 Rad8 20. Qb3 Qa7 21. Re2 Bxe5 22. Rxe5 Nb6 23. Rae1 Nd7 24. R5e3 Qb6 25. Qxb6 Nxb6 26. Bb3 Kg7 27. Re5 Ra8 28. f4 Nd7 29. R5e2 b5 30. axb5 cxb5 31. Ba2 b4 32. cxb4 axb4 33. Bc4 Nb6 34. Rc2 Red8 35. Rd1 Rac8 36. b3 Nd5 37. Kf2 Nxf4 38. Ra2 Nd5 39. Bxd5 Rxd5 40. Ra4 Rc2+ 41. Kg1 Rg5 0-1

[Event "Maralsay op"]
[Site "Maralsay"]
[Date "2010.08.18"]
[Round "1"]
[White "Daurimbetov, Azamat"]
[Black "Shangarayeva, Daiana"]
[Result "1-0"]
[WhiteElo "2269"]
[BlackElo "1986"]
[PlyCount "121"]
[EventDate "2010.08.17"]
[EventType "swiss"]
[EventRounds "9"]
[EventCountry "KAZ"]
[SourceTitle "EXT 2013"]
[Source "ChessBase"]
[SourceDate "2012.11.22"]
[SourceVersion "1"]
[SourceVersionDate "2012.11.22"]
[SourceQuality "1"]

1. d4 Nf6 2. c4 c5 3. d5 b5 4. cxb5 a6 5. bxa6 g6 6. Nc3 Bxa6 7. g3 d6 8. Bg2 Bg7 9. Nh3 0-0 10. 0-0 Nbd7 11. Nf4 Qa5 12. Qc2 Rfb8 13. Bd2 Ne5 14. Ne4 Qb5 15. Nxf6+ Bxf6 16. Bc3 Bh8 17. Rfe1 Bc8 18. e4 Bg4 19. h3 Bc8 20. Rec1 Ra7 21. Bf1 Qb6 22. Kg2 Ba6 23. Bxa6 Qxa6 24. b3 Rba8 25. a4 Rb7 26. Ra3 Rab8 27. Rd1 Rb6 28. Ne2 Rc8 29. a5 Rb7 30. Nc1 Ra8 31. f4 Nd7 32. Bxh8 Kxh8 33. Nd3 Rb5 34. Rda1 Kg8 35. Nb2 Rb4 36. Nc4 Rab8 37. h4 Nf6 38. Qd3 Ng4 39. R1a2 h5 40. e5 Rd8 41. exd6 exd6 42. Re2 Rbb8 43. f5 Re8 44. fxg6 Rxe2+ 45. Qxe2 fxg6 46. Qe6+ Kh7 47. Qxd6 Ne3+ 48. Kg1 Qxd6 49. Nxd6 Nxd5 50. a6 Ra8 51. a7 Nc7 52. Ra5 Kg8 53. Nc4 Kg7 54. Nb6 Rd8 55. Rxc5 Na8 56. Nxa8 Rxa8 57. Rc7+ Kf6 58. b4 Ke6 59. b5 Kd5 60. b6 Kd6 61. Rb7 1-0

[Event "Moscow op-C (Women)"]
[Site "Moscow"]
[Date "2010.02.07"]
[Round "9.17"]
[White "Shangarayeva, Daiana"]
[Black "Charochkina, Daria"]
[Result "0-1"]
[WhiteElo "1923"]
[BlackElo "2289"]
[PlyCount "56"]
[EventDate "2010.01.30"]
[EventType "swiss"]
[EventRounds "9"]
[EventCountry "RUS"]
[SourceTitle "EXT 2023"]
[Source "ChessBase"]
[SourceDate "2022.10.05"]
[SourceVersion "1"]
[SourceVersionDate "2022.10.05"]
[SourceQuality "1"]

1. e4 c5 2. c4 Nc6 3. Ne2 e6 4. Nbc3 Nf6 5. g3 d5 6. exd5 exd5 7. Bg2 d4 8. Ne4 Bf5 9. d3 Nxe4 10. Bxe4 Bxe4 11. dxe4 Qe7 12. f3 g5 13. h4 gxh4 14. Rxh4 0-0-0 15. Nf4 f5 16. Nd5 Qg7 17. Bf4 Bd6 18. Qd2 fxe4 19. fxe4 Ne5 20. Bxe5 Bxe5 21. 0-0-0 Qxg3 22. Rdh1 Rd7 23. Kb1 Rf7 24. R4h3 Qg6 25. Qe2 Rhf8 26. Rh5 Qg3 27. R5h3 d3 28. Qxd3 Qg2 0-1

[Event "Wch U16 Girls"]
[Site "Kemer"]
[Date "2009.11.13"]
[Round "3"]
[White "Sirkova, Darena"]
[Black "Shangarayeva, Daiana"]
[Result "1-0"]
[WhiteElo "2099"]
[BlackElo "1893"]
[PlyCount "40"]
[EventDate "2009.11.12"]
[EventType "swiss"]
[EventRounds "11"]
[EventCountry "TUR"]
[SourceTitle "EXT 2010"]
[Source "ChessBase"]
[SourceDate "2010.11.25"]
[SourceVersion "1"]
[SourceVersionDate "2010.11.25"]
[SourceQuality "1"]

1. e4 d5 2. exd5 Qxd5 3. Nf3 Nf6 4. d4 c6 5. Be2 Bf5 6. 0-0 e6 7. c4 Qa5 8. Bf4 Be7 9. a3 0-0 10. Nc3 Qd8 11. Nh4 Bg6 12. Nxg6 hxg6 13. Re1 Na6 14. Qd3 Qd7 15. Rad1 Rfd8 16. Qg3 Bd6 17. Bg5 Rac8 18. Rd3 Nc7 19. Qh4 Qe7 20. Rh3 Nh5 1-0

[Event "Maralsay Group A"]
[Site "Almaty"]
[Date "2009.08.23"]
[Round "8"]
[White "Shangarayeva, Daiana"]
[Black "Kim, Timur"]
[Result "1/2-1/2"]
[WhiteElo "1888"]
[BlackElo "2006"]
[PlyCount "47"]
[EventDate "2009.08.17"]
[EventType "tourn"]
[EventRounds "11"]
[EventCountry "KAZ"]
[SourceTitle "EXT 2022"]
[Source "ChessBase"]
[SourceDate "2021.10.06"]
[SourceVersion "1"]
[SourceVersionDate "2021.10.06"]
[SourceQuality "1"]

1. e4 h5 2. Nf3 d6 3. c4 Bg4 4. d4 Nf6 5. Nc3 Nbd7 6. Be2 e5 7. d5 a5 8. h3 Bxf3 9. Bxf3 Be7 10. 0-0 h4 11. Bg4 Nxg4 12. Qxg4 Nf6 13. Qe2 Nh5 14. Rb1 Bg5 15. Qg4 Bxc1 16. Rfxc1 Qf6 17. Ne2 b6 18. Rf1 g5 19. g3 Ke7 20. Qf5 Qxf5 21. exf5 hxg3 22. fxg3 Nf6 23. Kg2 Rh6 24. Nc3 1/2-1/2

[Event "Maralsay Group A"]
[Site "Almaty"]
[Date "2009.08.18"]
[Round "1"]
[White "Shangarayeva, Daiana"]
[Black "Zhandarbekov, Bakberdi"]
[Result "1-0"]
[WhiteElo "1888"]
[BlackElo "2064"]
[PlyCount "85"]
[EventDate "2009.08.17"]
[EventType "tourn"]
[EventRounds "11"]
[EventCountry "KAZ"]
[SourceTitle "EXT 2022"]
[Source "ChessBase"]
[SourceDate "2021.10.06"]
[SourceVersion "1"]
[SourceVersionDate "2021.10.06"]
[SourceQuality "1"]

1. e4 e6 2. Nc3 d5 3. Nf3 Nf6 4. e5 Nfd7 5. d4 c5 6. dxc5 Nc6 7. Bf4 Bxc5 8. Bd3 Qb6 9. 0-0 a6 10. Na4 Qb4 11. Nxc5 Qxf4 12. Nxd7 Bxd7 13. Qe2 0-0 14. c3 f5 15. exf6 Rxf6 16. Rae1 Rh6 17. Qe3 Qd6 18. Ne5 Rh5 19. f4 Nxe5 20. fxe5 Qe7 21. Rf3 Bc6 22. Rh3 Rxh3 23. Qxh3 g6 24. Rf1 Be8 25. Rf6 Bf7 26. Qe3 b5 27. Kh1 Qa7 28. Qg5 d4 29. h4 dxc3 30. bxc3 Qd7 31. Bc2 Rd8 32. Bb3 Kg7 33. h5 a5 34. h6+ Kg8 35. Rf2 Kf8 36. Bxe6 Qd1+ 37. Kh2 Rd7 38. Bxd7 Qxd7 39. Qf6 Ke8 40. Qh8+ Ke7 41. Qxh7 Qe6 42. Qg7 Ke8 43. h7 1-0